When Federalism Works
Na minha lista:
| Autor principal: | |
|---|---|
| Outros Autores: | , |
| Formato: | Livro |
| Idioma: | inglês |
| Publicado em: |
Washington
The Brookings Institution
1986
|
| Edição: | 1. ed. |
| Assuntos: | |
| Tags: |
Sem tags, seja o primeiro a adicionar uma tag!
|
MARC
| LEADER | 00000nam a2200000 4500 | ||
|---|---|---|---|
| 001 | c018941 | ||
| 005 | 20221207074255.5 | ||
| 020 | |a 0-8157-7020-0 | ||
| 041 | 0 | |a eng | |
| 044 | |a US | ||
| 245 | 1 | 0 | |a When Federalism Works |c Paul E. Peterson, Barry G. Rabe, Kenneth K. Wong |
| 250 | |a 1. ed. | ||
| 264 | 1 | |a Washington |b The Brookings Institution |c 1986 | |
| 300 | |a 245 s. | ||
| 610 | 2 | 0 | |a politika |
| 610 | 2 | 0 | |a federácia |
| 610 | 2 | 0 | |a granty |
| 610 | 2 | 0 | |a štát |
| 610 | 2 | 0 | |a rozvoj sociálny |
| 610 | 2 | 0 | |a pomoc sociálna |
| 610 | 2 | 0 | |a vzdelávanie |
| 610 | 2 | 0 | |a starostlivosť zdravotná |
| 610 | 2 | 0 | |a politika bytová |
| 610 | 2 | 0 | |a politika sociálna |
| 610 | 2 | 0 | |a financie štátne |
| 610 | 2 | 0 | |a USA |
| 100 | 1 | |a Peterson, Paul E. | |
| 700 | 1 | |a Rabe, Barry G. | |
| 700 | 1 | |a Wong, Kenneth K. | |